[Event "Saint Affrique op 14th"]
[Site "Saint Affrique"]
[Date "2006.??.??"]
[Round "3"]
[White "Alexiev, Ivan"]
[Black "Dussol, Pierre"]
[Result "1-0"]
[WhiteElo "1927"]
[BlackElo "2261"]
[PlyCount "115"]
[EventDate "2006.07.21"]
[EventType "swiss"]
[EventRounds "9"]
[EventCountry "FRA"]
[SourceTitle "CBM 113 Extra"]
[Source "ChessBase"]
[SourceDate "2006.09.14"]
[SourceVersion "1"]
[SourceVersionDate "2006.09.14"]
[SourceQuality "1"]

1. d4 f5 2. Bg5 g6 3. h4 h6 4. Bf4 Nf6 5. Nf3 d6 6. e3 Bg7 7. Bc4 e6 8. Nbd2 Nc6 9. c3 Bd7 10. Qe2 Qe7 11. Bb5 a6 12. Ba4 Nd5 13. Bb3 Nxf4 14. exf4 e5 15. fxe5 dxe5 16. dxe5 Nxe5 17. Nxe5 Qxe5 18. Qxe5+ Bxe5 19. 0-0-0 0-0-0 20. Rhe1 Bf6 21. g3 g5 22. Nf3 f4 23. hxg5 hxg5 24. Ne5 Bxe5 25. Rxe5 f3 26. Rxg5 Rdf8 27. Bd5 Rh2 28. Rd2 Ba4 29. b3 Bc6 30. Be6+ Kb8 31. Rg8 Rxg8 32. Bxg8 Be4 33. c4 c6 34. Kb2 Bf5 35. c5 Kc7 36. Kc3 Rh8 37. Bc4 a5 38. Bd3 Bg4 39. Be4 Rh1 40. Kd4 Re1 41. Ke5 Re2 42. Rc2 Bh5 43. Rc3 Bg6 44. Rc4 Rxf2 45. Bxg6 Re2+ 46. Kf6 Rxa2 47. Rf4 f2 48. g4 a4 49. Bf7 a3 50. b4 Rb2 51. g5 a2 52. Bxa2 Rxa2 53. g6 Rb2 54. g7 Rxb4 55. Rxf2 Rg4 56. Rf5 Rxg7 57. Kxg7 b6 58. Rf7+ 1-0

[Event "St Chely d'Aubrac op 4th"]
[Site "St Chely d'Aubrac"]
[Date "2004.07.22"]
[Round "7"]
[White "Moutaux, Robert"]
[Black "Alexiev, Ivan"]
[Result "1/2-1/2"]
[WhiteElo "1957"]
[BlackElo "1499"]
[PlyCount "36"]
[EventDate "2004.07.17"]
[EventType "swiss"]
[EventRounds "9"]
[EventCountry "FRA"]
[SourceTitle "CBM 101 Extra"]
[Source "ChessBase"]
[SourceDate "2004.09.01"]
[SourceVersion "2"]
[SourceVersionDate "2004.09.01"]
[SourceQuality "1"]

1. d4 Nf6 2. Nf3 d5 3. e3 c6 4. Bd3 Bg4 5. Nbd2 Nbd7 6. c4 e6 7. Qc2 Bd6 8. c5 Bc7 9. b4 e5 10. dxe5 Nxe5 11. Nxe5 Bxe5 12. Rb1 a6 13. h3 Bd7 14. Nf3 Bc7 15. Bb2 Qe7 16. Bf5 Bxf5 17. Qxf5 Qe4 18. Qxe4+ Nxe4 1/2-1/2

[Event "St Chely d'Aubrac op 4th"]
[Site "St Chely d'Aubrac"]
[Date "2004.07.17"]
[Round "1"]
[White "Tanguy, Fabien"]
[Black "Alexiev, Ivan"]
[Result "1-0"]
[WhiteElo "2086"]
[BlackElo "1499"]
[PlyCount "75"]
[EventDate "2004.07.17"]
[EventType "swiss"]
[EventRounds "9"]
[EventCountry "FRA"]
[SourceTitle "CBM 101 Extra"]
[Source "ChessBase"]
[SourceDate "2004.09.01"]
[SourceVersion "2"]
[SourceVersionDate "2004.09.01"]
[SourceQuality "1"]

1. c4 Nf6 2. Nc3 e6 3. g3 c6 4. Bg2 d5 5. cxd5 cxd5 6. d4 Nc6 7. Nf3 Be7 8. 0-0 0-0 9. a3 b6 10. Bf4 Bb7 11. Rc1 Rc8 12. Qd3 Nh5 13. Bd2 Na5 14. Qb1 Nc4 15. Be3 Nxe3 16. fxe3 Nf6 17. Ng5 h6 18. Rxf6 hxg5 19. Rf3 a6 20. g4 Bd6 21. Rh3 g6 22. Rf1 b5 23. e4 dxe4 24. Nxe4 Bxe4 25. Bxe4 Kg7 26. Qd3 b4 27. Bb7 Rb8 28. Bxa6 bxa3 29. bxa3 Bf4 30. e3 Bd6 31. a4 Ra8 32. Bb5 Qb6 33. Qe4 Rac8 34. Qf3 Be7 35. Qf2 Qb7 36. Rf3 Bd8 37. Ba6 Qxa6 38. Rxf7+ 1-0